Inventaire sommaire des archives du département des affaires étrangères (Record no. 156061)

MARC details
000 -LEADER
campo de control de longitud fija 01023nam a22002175i 4500
001 - NÚMERO DE CONTROL
campo de control 156061
003 - IDENTIFICADOR DE NÚMERO DE CONTROL
campo de control ES-MaACL
005 - FECHA Y HORA DE LA ÚLTIMA TRANSACCIÓN
campo de control 20230906210316.0
008 - DATOS DE LONGITUD FIJA--INFORMACIÓN GENERAL
campo de control de longitud fija 040727m18831892fr |||| | fre d
040 ## - FUENTE DE CATALOGACIÓN
Centro catalogador/agencia de origen CAM
Lengua de catalogación spa
Centro/agencia transcriptor CAM
245 00 - MENCIÓN DEL TÍTULO
Título Inventaire sommaire des archives du département des affaires étrangères
Resto del título : mémoires et documents /
Mención de responsabilidad, etc. [Bureau historique de la division des archives ; Ministère des affaires étrangères].
260 ## - PUBLICACIÓN, DISTRIBUCIÓN, ETC.
Lugar de publicación, distribución, etc. Paris :
Nombre del editor, distribuidor, etc. [s.n.],
Fecha de publicación, distribución, etc. 1883-1892.
300 ## - DESCRIPCIÓN FÍSICA
Extensión 2 vol. (VII-472, II-459 p.) ;
Dimensiones 24 cm.
505 8# - NOTA DE CONTENIDO CON FORMATO
Nota de contenido con formato T.1, France. - T.2, Fonds divers
594 ## - Nota al título y mención de responsabilidad
Nota al título y mención de responsabilidad Según consta en v. antep. la obra fue dirigida por el Bureau historique de la division des Archives.
610 14 - PUNTO DE ACCESO ADICIONAL DE MATERIA--NOMBRE DE ENTIDAD CORPORATIVA
Nombre de entidad corporativa o nombre de jurisdicción como elemento de entrada Francia.
Unidad subordinada Département des Affaires Étrangères-
Subdivisión general Archivos-
Subdivisión de forma Inventarios.
9 (RLIN) 209912
651 #4 - PUNTO DE ACCESO ADICIONAL DE MATERIA--NOMBRE GEOGRÁFICO
Nombre geográfico Francia-
Subdivisión general Política exterior.
9 (RLIN) 137182
710 1# - ENTRADA AGREGADA--NOMBRE DE ENTIDAD CORPORATIVA
Nombre de entidad corporativa o nombre de jurisdicción como elemento de entrada Francia.
Unidad subordinada Ministère des Affaires Étrangères.
9 (RLIN) 134397
852 ## - LOCALIZACIÓN
Ubicación ES-MaACL
Número de control de estantería F-9664-65
Nota libre -- Enc. hol., conservando la cub. original
Holdings
Estatus retirado Estado de pérdida Estado de daño No para préstamo Colección Biblioteca de origen Biblioteca actual Ubicación en estantería Fecha de adquisición Total de préstamos Signatura topográfica completa Código de barras Visto por última vez Precio de reemplazo Tipo de ítem Koha
        Libros del s. XIX Biblioteca del Ateneo de Madrid Biblioteca del Ateneo de Madrid Sala Pecera Planta 2 17/01/2008   F-9664-65 1163268 23/02/2023 23/02/2023 Libro impreso antiguo